LEADER 01196cam0 2200289 450 001 E600200002603 005 20210125094300.0 010 $a2859440739 100 $a20040526d1984 |||||ita|0103 ba 101 $afre 102 $aFR 200 1 $a<>deux ages de la seigneurie banale$epouvoir et société dans la terre des sires de Coucy (milieu 11.-milieu 13. siècle) $fDominique Barthélemy$gpréface de Pierre Toubert 210 $aParis$cPublications de la Sorbonne$d1984 215 $a598 p.$d24 cm 225 2 $aSérie Histoire Ancienne et Médiévale$v12. Université de Paris 410 1$1001LAEC00020218$12001 $a*Série Histoire Ancienne et Médiévale$v12. Université de Paris 700 1$aBarthélemy$b, Dominique$3A600200025623$4070$0387359 702 1$aToubert, Pierre$3A600200025483$4070 801 0$aIT$bUNISOB$c20210125$gRICA 850 $aUNISOB 852 $aUNISOB$j900$m120830 912 $aE600200002603 940 $aM 102 Monografia moderna SBN 941 $aM 957 $a900$b004122$gSI$d120830$racquisto$1catenacci$2UNISOB$3UNISOB$420040526073714.0$520200326130257.0$6catenaccif 996 $aDeux ages de la seigneurie banale$91673808 997 $aUNISOB LEADER 00951nam a22002531i 4500 001 991000099209707536 005 20031015102810.0 008 031111s1984 gw |||||||||||||||||ger 020 $a3890291511 035 $ab12570382-39ule_inst 035 $aARCHE-060363$9ExL 040 $aDip.to Lingue$bita$cA.t.i. Arché s.c.r.l. Pandora Sicilia s.r.l. 082 04$a833.9 100 1 $aBiondi, Franco$0457571 245 10$aAbschied der zerschellten jahre :$bnovelle : südwind literatur /$chrsg. von Franco Biondi ... [et al.] 260 $aKiel :$bNeuer Malik,$c1984 300 $a141 p. ;$c20 cm 440 0$aSüdwind-Literatur 907 $a.b12570382$b02-04-14$c13-11-03 912 $a991000099209707536 945 $aLE012 838.914 BIO$g1$i2012000223707$lle012$o-$pE0.00$q-$rl$s- $t0$u1$v0$w1$x0$y.i13024747$z13-11-03 996 $aAbschied der zerschellten jahre$9177000 997 $aUNISALENTO 998 $ale012$b13-11-03$cm$da $e-$fger$ggw $h0$i1 LEADER 03993 am 2200577 n 450 001 9910131352803321 005 20141224 010 $a2-11-139882-9 035 $a(CKB)3710000000491092 035 $a(FrMaCLE)OB-deps-286 035 $a(oapen)https://directory.doabooks.org/handle/20.500.12854/47902 035 $a(PPN)189313331 035 $a(EXLCZ)993710000000491092 100 $a20150708j|||||||| ||| 0 101 0 $afre 135 $auu||||||m|||| 181 $ctxt$2rdacontent 182 $cc$2rdamedia 183 $acr$2rdacarrier 200 14$aLes formations à l?administration et à la gestion de la culture : bilan et perspectives /$fCécile Martin 210 $aParis $cDépartement des études, de la prospective et des statistiques$d2014 215 $a1 online resource (12 p.) 330 $aLes formations à la gestion et à l?administration culturelles se sont multipliées en France depuis les années 1980 avec le développement du secteur culturel, la professionnalisation de l?emploi dans ce secteur mais aussi l?attrait pour la culture en général. Ce sont près de 300 formations, majoritairement de niveau I sous forme de masters professionnels, qui ont pu être répertoriées et caractérisées (ancienneté, nombre d?étudiants, domaine d?application et, le cas échéant, champ disciplinaire, types d?enseignement). Ces formations sont essentiellement universitaires même si des écoles de commerce consulaires ont pris position plus récemment sur ce marché. Cette explosion du nombre de formations doit être resituée dans un double contexte : celui d?un espace européen des formations initié par le processus de Bologne et la réforme LMD, qui semblent avoir contribué à la multiplication de ces formations au sein de l?Université ; celui de la territorialisation des politiques de formation et d?une implication accrue du niveau régional. L?intérêt du secteur culturel comme des étudiants attirés par ces formations est que ce marché de l?emploi de gestion et d?administration culturelles soit à la fois mieux apprécié quantitativement et mieux suivi qualitativement, et que les logiques respectives de l?enseignement supérieur et du marché de l?emploi se confrontent dans des pratiques régulières d?évaluation, permettant ainsi de rapprocher offre et demande d?emploi dans une véritable démarche de régulation. In France, since the 1980s, training in cultural management and administration has greatly expanded, in step with the cultural sector?s growth and increasing professionalisation, and the public?s liking for culture in general. Some three hundred courses, mostly level one (professional masterships), have been listed and described ? their time in operation, number of trainees, field covered, subject area where relevant, nature of instruction. For the most part, training is? 606 $aEducation 606 $aSociology 606 $aprofessionalization 606 $aartistic and cultural teaching 606 $acultural employment 606 $aemploi culturel 606 $aenseignement artistique et culturel 606 $aformation professionnelle 606 $aformations universitaires 610 $aartistic and cultural teaching 610 $acultural employment 610 $aprofessionalization 615 4$aEducation 615 4$aSociology 615 4$aprofessionalization 615 4$aartistic and cultural teaching 615 4$acultural employment 615 4$aemploi culturel 615 4$aenseignement artistique et culturel 615 4$aformation professionnelle 615 4$aformations universitaires 700 $aChantepie$b Philippe$01281727 701 $aMartin$b Cécile$01305868 801 0$bFR-FrMaCLE 906 $aBOOK 912 $a9910131352803321 996 $aLes formations à l?administration et à la gestion de la culture : bilan et perspectives$93027947 997 $aUNINA LEADER 02391oam 2200793 450 001 9910707608503321 005 20190916124933.0 035 $a(CKB)5470000002466458 035 $a(OCoLC)844621002 035 $a(OCoLC)995470000002466458 035 $a(EXLCZ)995470000002466458 100 $a20130526j199707 ua 0 101 0 $aeng 135 $aur||||||||||| 181 $ctxt$2rdacontent 182 $cc$2rdamedia 183 $acr$2rdacarrier 200 10$aComputerized simulation of meshing of conventional helical involute gears and modification of geometry /$fFaydor L. Litvin [and three others] 210 1$aCleveland, Ohio :$cNational Aeronautics and Space Administration, Lewis Research Center :$cU.S. Army Research Laboratory,$dJuly 1997. 215 $a1 online resource (20 pages) $cillustrations 225 1 $aNASA technical memorandum ;$v107451 225 0 $aArmy Research Laboratory technical report ;$vARL-TR-1370 300 $a"July 1997." 320 $aIncludes bibliographical references (page 10). 606 $aGearing 606 $aGeometry 606 $aComputer programs 606 $aComputer programs$2fast 606 $aGearing$2fast 606 $aGeometry$2fast 606 $aGears$2nasat 606 $aGeometry$2nasat 606 $aGear teeth$2nasat 606 $aComputerized simulation$2nasat 606 $aComputer programs$2nasat 615 0$aGearing. 615 0$aGeometry. 615 0$aComputer programs. 615 7$aComputer programs. 615 7$aGearing. 615 7$aGeometry. 615 7$aGears. 615 7$aGeometry. 615 7$aGear teeth. 615 7$aComputerized simulation. 615 7$aComputer programs. 700 $aLitvin$b F. L$g(Faydor L.),$01396861 712 02$aLewis Research Center, 712 02$aU.S. Army Research Laboratory. 801 0$bOCLCE 801 1$bOCLCE 801 2$bOCLCO 801 2$bOCLCQ 801 2$bGPO 801 2$bMUB 801 2$bCUT 801 2$bTFW 801 2$bGILDS 801 2$bLWA 801 2$bOCLCO 801 2$bOCLCF 801 2$bINT 801 2$bOCLCQ 801 2$bOCLCO 801 2$bGPO 906 $aBOOK 912 $a9910707608503321 996 $aComputerized simulation of meshing of conventional helical involute gears and modification of geometry$93457711 997 $aUNINA LEADER 01438nas 2200493- 450 001 996282848503316 005 20240113213019.0 011 $a2475-3246 035 $a(DE-599)ZDB2938082-0 035 $a(OCoLC)965798917 035 $a(CKB)3710000001006983 035 $a(CONSER)--2016209685 035 $a(EXLCZ)993710000001006983 100 $a20161212b20172022 --- b 101 0 $aeng 135 $aur||||||||||| 181 $ctxt$2rdacontent 182 $cc$2rdamedia 183 $acr$2rdacarrier 200 00$aJournal of pancreatic cancer 210 1$aNew Rochelle, NY :$cMary Ann Liebert, Inc.,$d[2017]-[2022] 215 $a1 online resource 300 $aRefereed/Peer-reviewed 531 $aJ PANCREAT CANCER 531 0 $aJ. pancreat. cancer 606 $aPancreas$xCancer$vPeriodicals 606 $aPancreatic Neoplasms 606 $aPancreas$xCancer$2fast$3(OCoLC)fst01051974 606 $aCàncer de pàncrees$2thub 608 $aFulltext. 608 $aInternet Resources. 608 $aPeriodicals. 608 $aPeriodicals.$2fast 608 $aRevistes electròniques.$2thub 610 $aOncology 615 0$aPancreas$xCancer 615 12$aPancreatic Neoplasms. 615 7$aPancreas$xCancer. 615 7$aCàncer de pàncrees. 676 $a614.5999437 906 $aJOURNAL 912 $a996282848503316 996 $aJournal of pancreatic cancer$92132378 997 $aUNISA LEADER 01178nam0 2200265 i 450 001 VAN00061050 005 20240806100525.443 100 $a20070913d1897 |0itac50 ba 101 $aita 102 $aIT 105 $a|||| ||||| 200 1 $aˆL'‰epitaffio del mercato e la fontana della Sellaria 1647-1650-1889$epagine della storia di Napoli studiata nelle sue vie e nei suoi monumenti$fBartolommeo Capasso 205 $aTrani : V. Vecchi$b1897 210 $a52 p.$a21 cm 215 $aEstratto della Napoli nobilissima, vol. 6. 620 $dTrani$3VANL001398 700 1$aCapasso$bBartolomeo$3VANV019571$036189 712 $aVecchi$3VANV112386$4650 790 1$aCapasso, Bartolommeo$zCapasso, Bartolomeo$3VANV023603 801 $aIT$bSOL$c20240906$gRICA 899 $aBIBLIOTECA DEL DIPARTIMENTO DI ARCHITETTURA E DISEGNO INDUSTRIALE$1IT-CE0107$2VAN01 912 $aVAN00061050 950 $aBIBLIOTECA DEL DIPARTIMENTO DI ARCHITETTURA E DISEGNO INDUSTRIALE$d01PREST IDb58 $e01 48898 20070913 996 $aEpitaffio del mercato e la fontana della Sellaria 1647-1650-1889$91415390 997 $aUNICAMPANIA